Pokémon nach hohem KP-Wert - Statistiken

Allgemein
  • Dieses Quiz wurde 61 mal gespielt
    5 seit der letzten Aktualisierung
  • Das Durchschnittsergebnis liegt bei 49 aus 171
Antwortstatistiken
Basiswert Typ(en) Pokémon % Korrekt
250 Normal Chaneira
100%
150 Geist/Drache Giratina (Urform)
100%
150 Geist/Drache Giratina (Wandelform)
100%
100 Stahl/Drache Dialga
80%
100 Stahl/Drache Dialga (Urform)
80%
150 Geist/Flug Drifzepeli
80%
255 Normal Heiteira
80%
105 Normal Kangama
80%
105 Normal Mega-Kangama
80%
106 Psycho/Kampf Mega-Mewtu X
80%
106 Psycho Mega-Mewtu Y
80%
105 Drache/Flug Mega-Rayquaza
80%
100 Psycho Mew
80%
106 Psycho Mewtu
80%
105 Drache/Flug Rayquaza
80%
120 ??? Arceus
60%
100 Gestein/Unlicht Despotar
60%
140 Gift/Drache Endynalos
60%
100 Boden Groudon
60%
106 Feuer/Flug Ho-Oh
60%
108 Drache/Boden Knakrack
60%
140 Normal/Fee Knuddeluff
60%
100 Wasser Kyogre
60%
150 Normal Letarking
60%
106 Psycho/Flug Lugia
60%
135 Normal Mampfaxo
60%
100 Gestein/Unlicht Mega-Despotar
60%
108 Drache/Boden Mega-Knakrack
60%
108 Drache/Boden Mega-Knakrack Z
60%
100 Boden/Feuer Proto-Groudon
60%
100 Wasser Proto-Kyogre
60%
115 Normal/Fee Pummeluff
60%
160 Normal Relaxo
60%
255 Gift/Drache Unendynamax-Endynalos
60%
170 Wasser Wailord
60%
100 Wasser/Geist Apoquallyp
40%
120 Psycho Cresselia
40%
115 Feuer Entei
40%
115 Drache/Eis Espinodon
40%
110 Feuer/Kampf Flambirex
40%
144 Kampf Hariyama
40%
150 Wasser Heerashai
40%
108 Boden Hippoterus
40%
100 Kampf/Drache Koraidon
40%
125 Drache/Eis Kyurem
40%
130 Wasser/Eis Lapras
40%
110 Eis/Boden Mamutel
40%
100 Wasser Manaphy
40%
110 Feuer/Kampf Mega-Flambirex
40%
100 Wasser/Boden Mega-Sumpex
40%
100 Elektro/Drache Miraidon
40%
110 Gestein/Feuer Montecarbo
40%
200 Drache Regidrago
40%
110 Normal Regigigas
40%
100 Drache/Feuer Reshiram
40%
125 Drache/Eis Schwarzes Kyurem
40%
100 Pflanze Shaymin (Landform)
40%
100 Pflanze/Flug Shaymin (Zenitform)
40%
103 Gift/Unlicht Skuntank
40%
100 Wasser Suicune
40%
100 Wasser/Boden Sumpex
40%
130 Boden/Normal Ursaluna
40%
113 Boden/Normal Ursaluna (Blutmond)
40%
100 Psycho/Feuer Victini
40%
130 Wasser Wailmer
40%
110 Eis/Wasser Walraisa
40%
125 Drache/Eis Weißes Kyurem
40%
110 Wasser/Boden Welsar
40%
190 Psycho Woingenau
40%
100 Normal Wonneira
40%
100 Drache/Elektro Zekrom
40%
108 Drache/Boden 50%-Zygarde
20%
130 Wasser Aquana
20%
100 Wasser/Fee Azumarill
20%
105 Wasser/Boden Branawarz
20%
100 Psycho/Pflanze Celebi
20%
100 Psycho/Pflanze Coronospa
20%
100 Psycho/Geist Coronospa (Rappenreiter)
20%
100 Psycho/Eis Coronospa (Schimmelreiter)
20%
110 Kampf/Geist Epitaff
20%
105 Feuer Flampivian
20%
105 Feuer/Psycho Flampivian (Trance-Modus)
20%
109 Boden/Elektro Flunschlik
20%
105 Eis Galar-Flampivian
20%
105 Eis/Feuer Galar-Flampivian (Trance-Modus)
20%
109 Boden/Stahl Galar-Flunschlik
20%
111 Wasser/Boden Gastrodon
20%
110 Psycho/Flug Hisui-Washakwil
20%
100 Gestein Humanolith
20%
100 Stahl/Psycho Jirachi
20%
120 Kampf Jiutesto
20%
100 Eis/Boden Keifel
20%
125 Wasser/Elektro Lanturn
20%
137 Psycho/Geist Lunala
20%
165 Wasser Mamolida
20%
103 Normal/Fee Mega-Ohrdoch
20%
110 Boden/Stahl Mega-Stalobor
20%
216 Drache/Boden Mega-Zygarde
20%
135 Stahl Melmetal
20%
100 Normal/Flug Noctuh
20%
103 Normal Ohrdoch
20%
216 Drache/Boden Optimum-Zygarde
20%
100 Boden Pampross
20%
101 Fee Parfinesse
20%
122 Stahl Patinaraja
20%
100 Eis Polaross
20%
115 Boden/Gestein Rihornior
20%
105 Boden/Gestein Rizeros
20%
100 Gestein Saltigant
20%
110 Pflanze/Drache Schlapfel
20%
110 Normal Schlurplek
20%
137 Psycho/Stahl Solgaleo
20%
110 Boden/Stahl Stalobor
20%
100 Pflanze Tangoloss
20%
109 Elektro Wampitz
20%
100 Normal/Flug Washakwil
20%
100 Kampf/Wasser Wulaosu (Fließender Stil)
20%
100 Kampf/Unlicht Wulaosu (Fokussierter Stil)
20%
110 Psycho Zytomega
20%
105 Gift/Unlicht Alola-Sleimok
0%
123 Gestein/Eis Amagarga
0%
109 Gestein/Gift Anego
0%
115 Fee/Psycho Brüllschweif
0%
123 Pflanze Chevrumm
0%
103 Normal/Psycho Damythir
0%
100 Wasser Delfinator (Alltagsform)
0%
100 Wasser Delfinator (Heldenform)
0%
155 Unlicht/Boden Dinglu
0%
105 Drache/Unlicht Donnersichel
0%
125 Normal Dummimisel
0%
100 Normal Dummisel
0%
100 Gestein/Elektro Eisendorn
0%
154 Kampf/Elektro Eisenhand
0%
120 Normal/Psycho Farigiraf
0%
108 Eis Flaniwal
0%
115 Normal Fragrunz ♀
0%
110 Normal Fragrunz ♂
0%
125 Elektro/Drache Furienblitz
0%
100 Unlicht/Stahl Gladimperio
0%
100 Pflanze Gortrom
0%
110 Unlicht/Flug Grypheldis
0%
114 Pflanze/Gift Hutsassa
0%
106 Pflanze/Drache Hydrapfel
0%
100 Feuer/Käfer Infernopod
0%
105 Feuer/Drache Keilflamme
0%
170 Eis Kolowal
0%
120 Normal/Kampf Kosturso
0%
100 Unlicht/Flug Kramshef
0%
104 Normal Krawumms
0%
107 Käfer/Kampf Masskito
0%
105 Kampf Meistagrif
0%
100 Normal/Psycho Meloetta (Gesangsform)
0%
100 Normal/Kampf Meloetta (Tanzform)
0%
100 Geist Phantoross
0%
100 Kampf Quartermak
0%
100 Wasser/Gestein Relicanth
0%
115 Boden/Kampf Riesenzahn
0%
120 Wasser/Geist Salmagnis ♂
0%
120 Wasser/Geist Salmagnis ♀
0%
120 Normal Schlaraffel
0%
223 Unlicht/Drache Schlingking
0%
100 Gift Schlukwech
0%
104 Feuer/Geist Skelokrok
0%
105 Gift Sleimok
0%
116 Psycho Somnivora
0%
130 Gift/Boden Suelord
0%
160 Normal Terapagos (Stellarform)
0%
111 Pflanze/Unlicht Wutpilz
0%
126 Fee Xerneas
0%
126 Unlicht/Flug Yveltal
0%
105 Unlicht/Pflanze Zarude
0%
Keine übereinstimmenden Quizze gefunden
Verteilung der Resultate
Anzahl Personen mit jedem Resultat
Perzentil nach korrekt beantworteten Fragen
Ihre Resultats-Entwicklung
Sie haben dieses Quiz seit der letzten Aktualisierung nicht gespielt